| 000 | 05555cam a22005057i 4500 | ||
|---|---|---|---|
| 999 |
_c5228 _d5228 |
||
| 001 | 19480775 | ||
| 003 | GZU | ||
| 005 | 20210330112153.0 | ||
| 008 | 170204s2014 enkab b 001 0 eng d | ||
| 010 | _a 2016479832 | ||
| 015 |
_aGBB493800 _2bnb |
||
| 020 |
_a9781781254165 _q(hardback) |
||
| 020 |
_a1781254168 _q(hardback) |
||
| 020 |
_z9781782831396 _q(ePub ebook) |
||
| 020 |
_z1782831398 _q(ePub ebook) |
||
| 035 | _a(OCoLC)ocn894201709 | ||
| 040 |
_aERASA _beng _cERASA _erda _dCDX _dUAB _dNLE _dYDXCP _dOCLCF _dCUS _dMT4IT _dRCE _dOCLCQ _dDLC |
||
| 041 | 1 |
_aeng _hmul |
|
| 042 | _alccopycat | ||
| 043 | _ae------ | ||
| 050 | 0 | 0 |
_aP112 _b.DOR 2014 |
| 082 | 0 | 4 |
_a400 _223 |
| 100 | 1 |
_aDorren, Gaston, _eauthor. |
|
| 245 | 1 | 0 |
_aLingo : _ba language spotters' guide to Europe / _cGaston Dorren ; with contributions by Jenny Audring, Frauke Watson and Alison Edwards (translation). |
| 264 | 1 |
_aLondon : _bProfile Books, _c2014. |
|
| 300 |
_a304 pages : _billustrations, maps ; _c21 cm |
||
| 336 |
_atext _btxt _2rdacontent |
||
| 337 |
_aunmediated _bn _2rdamedia |
||
| 338 |
_avolume _bnc _2rdacarrier |
||
| 504 | _aIncludes bibliographical references and index. | ||
| 505 | 0 | _apt. ONE Next of tongue -- Languages and their families -- 1. The life of PIE Lithuanian -- 2. The separated siblings Finno-Ugric Languages -- 3. Pieces of a broken pitcher Romansh -- 4. Mummy dearest French -- 5. Know your Slovek from your Slovane Slavic languages -- 6. The linguistic orphanage Balkan languages -- 7. The tenth branch Ossetian -- pt. TWO Past perfect discontinuous -- Languages and their history -- 8. The peaceful expansionist? German -- 9. Portugal's mother's tongue Galician -- 10. A language in DK Danish -- 11. The spoils of defeat Channel Island Norman -- 12. Languages of exile Karaim, Ladino and Yiddish -- 13. Frozen in time Icelandic -- pt. THREE War and peace -- Languages and politics -- 14. The democratic language Norwegian -- 15. Two addresses to the people of Belarus Belarus(s)ian -- 16. Kleinsteinish and its neighbours Luxembourgish -- 17. Longing for languagehood Scots and Frisian -- 18. Much a-du about you, and him Swedish -- 19. Four countries -- and more than a club Catalan -- 20. Four languages and zero goodwill Serbo-Croatian -- pt. FOUR Werds, wirds, wurds ... -- Written and spoken -- 21. `Hacek!' -- `Bless you' Czech -- 22. Szczesny, Pszkit and Korzeniowski Polish -- 23. Broad and slender tweets Scots Gaelic -- 24. Learning your A to R Russian -- 25. Pin the name on the language Estonian -- 26. The Iberian machine gun Spanish -- 27. Mountains of dialects Slovene -- 28. Hide and speak? Shelta and Anglo-Romani -- pt. FIVE Nuts and bolts -- Languages and their vocabulary -- 29. Export/import Greek -- 30. Arrival in Porto Portuguese -- 31. Meet the Snorbs Sorbian -- 32. From our Vasingtona correspondent Latvian -- 33. Small, sweet, slim, sturdy, sexy, stupid little women talian -- 34. A snowstorm in a teacup Sami -- 35. Deciphering the language of numbers Breton -- pt. SIX Talking by the book -- Languages and their grammar -- 36. Gender-bending Dutch -- 37. A case history Romani -- 38. A much-needed merger Bulgarian-Slovak -- 39. Nghwm starts with a C Welsh -- 40. Strictly ergative Basque -- 41. Note to self Ukrainian -- pt. SEVEN Intensive care -- Languages on the brink and beyond -- 42. Networking in Monaco Monegasque -- 43. A narrow escape Irish -- 44. No laughing matter Gagauz -- 45. The death of a language Dalmatian -- 46. The church of Kernow Cornish -- 47. Back from the brink Manx -- pt. EIGHT Movers and shakers -- Linguists who left their mark -- 48. Ludovit Stur, the hero linguist Slovak -- 49. The father of Albanology Albanian -- 50. An unexpected standard Germanic languages -- 51. The no-hoper Esperanto -- 52. The national hero who wasn't Macedonian -- 53. A godless alphabet Turkish -- pt. NINE Warts and all -- Linguistic portrait studies -- 54. Spell as you speak Finnish -- 55. Romans north of Hadrian's Wall Faroese -- 56. A meaningful silence Sign languages -- 57. Armenian -- 58. Plain lonely Hungarian -- 59. An Afro-Asiatic in Europe Maltese -- 60. The global headache English. | |
| 520 | 8 |
_aWelcome to Europe as you've never known it before, seen through the peculiarities of its languages and dialects. Combining linguistics and cultural history, Gaston Dorren takes us on an intriguing tour of the continent, from Proto-Indo-European (the common ancestor of most European languages) to the rise and rise of English, via the complexities of Welsh plurals and Czech pronunciation. Along the way we learn why Esperanto will never catch on, how the language of William the Conqueror survives in the Channel Islands and why Finnish is the easiest European language. Surprising, witty and full of extraordinary facts, this book will change the way you think about the languages around you.-- _cSource other than Library of Congress. |
|
| 650 | 0 | _aLanguages in contact. | |
| 650 | 7 |
_aLanguage and languages. _2fast _0(OCoLC)fst00992154 |
|
| 650 | 7 |
_aLanguages in contact. _2fast _0(OCoLC)fst00992434 |
|
| 651 | 0 |
_aEurope _xLanguages. |
|
| 651 | 7 |
_aEurope. _2fast _0(OCoLC)fst01245064 |
|
| 700 | 1 |
_aAudring, Jenny, _d1977- |
|
| 700 | 1 | _aWatson, Frauke. | |
| 700 | 1 |
_aEdwards, Alison, _d1983- |
|
| 776 | 0 | 8 |
_iElectronic version: _aDorren, Gaston. _tLingo. _dLondon : Profile Books, 2014 _z9781782831396 _w(OCoLC)890162441 |
| 906 |
_a7 _bcbc _ccopycat _d2 _encip _f20 _gy-gencatlg |
||
| 942 |
_2lcc _cBK _h112 _iDOR _kP |
||